National accrediation scheme set to launch for private tenants[electronic resource] (Record no. 83732)

MARC details
000 -LEADER
fixed length control field 01002cad a22001935a 4500
001 - CONTROL NUMBER
control field L154879
008 - FIXED-LENGTH DATA ELEMENTS--GENERAL INFORMATION
fixed length control field 120126e20120124xxk 000 0 eng d
035 ## - SYSTEM CONTROL NUMBER
System control number (Sirsi) u154879
041 0# - LANGUAGE CODE
Language code of text/sound track or separate title eng
245 00 - TITLE STATEMENT
Title National accrediation scheme set to launch for private tenants[electronic resource]
260 ## - PUBLICATION, DISTRIBUTION, ETC.
Date of publication, distribution, etc. 2012
490 ## - SERIES STATEMENT
Series statement Letting Agent Today
Volume/sequential designation 24 January 2012
520 ## - SUMMARY, ETC.
Summary, etc. The UK Tenants Accrediation Scheme (UKTAS) is being launched on 1 March 2012 following a pilot study organised and monitored by the private sector housing team at Southend on Sea Borough Council. The aim of the scheme is to help landlords and agents identify good tenants behound the usual tenancy referencing checks.
590 ## - LOCAL NOTE (RLIN)
Local note KA
690 ## - LOCAL SUBJECT ADDED ENTRY--TOPICAL TERM (OCLC, RLIN)
Topical term or geographic name as entry element Landlord and tenant
9 (RLIN) 6252
690 ## - LOCAL SUBJECT ADDED ENTRY--TOPICAL TERM (OCLC, RLIN)
Topical term or geographic name as entry element Residential property
9 (RLIN) 6266
856 40 - ELECTRONIC LOCATION AND ACCESS
Uniform Resource Identifier <a href="https://www.lettingagenttoday.co.uk/news_features/National-accreditation-scheme-set-to-launch-for-private-tenants">https://www.lettingagenttoday.co.uk/news_features/National-accreditation-scheme-set-to-launch-for-private-tenants</a>
Public note View this item free of charge at www.lettingagenttoday.co.uk
942 ## - ADDED ENTRY ELEMENTS (KOHA)
Suppress in OPAC 0
Holdings
Withdrawn status Lost status Source of classification or shelving scheme Damaged status Not for loan Home library Current library Shelving location Date acquired Total Checkouts Full call number Barcode Date last seen Copy number Price effective from Koha item type
    Dewey Decimal Classification     Virtual Virtual Online 26/01/2012   ONLINE PUBLICATION 154879-2001 06/08/2019 1 06/08/2019 Journal article